[Event "Titled Tue 1st Jul Early"]
[Site "chess.com INT"]
[Date "2025.07.01"]
[Round "9"]
[White "Vijayakumar, Rishi"]
[Black "Chylewski, Patryk"]
[Result "1-0"]
[WhiteTitle "FM"]
[BlackTitle "IM"]
[WhiteElo "2333"]
[BlackElo "2319"]
[WhiteFideId "2408953"]
[BlackFideId "1186191"]
[EventDate "2025.07.01"]

1. d4 d5 2. c4 c6 3. Nc3 Nf6 4. Nf3 a6 5. Qc2 g6 6. Bg5 Bg7 7. e3 O-O 8. a4 a5
9. cxd5 cxd5 10. Bb5 Na6 11. O-O Nb4 12. Qe2 Bf5 13. Rac1 Rc8 14. Ne5 Qb6 15. h3
h6 16. Bh4 g5 17. Bg3 Rfd8 18. f4 e6 19. fxg5 hxg5 20. Rxf5 exf5 21. Rf1 Qe6 22.
Nf3 Bh6 23. h4 g4 24. Ng5 Bxg5 25. hxg5 Ne4 26. Be5 Nxg5 27. Qf2 f6 28. Qh4 Nc6
29. Bxc6 bxc6 30. Qh6 Nh7 31. Qg6+ Kh8 32. Rxf5 Rg8 33. Rxf6 Rxg6 34. Rxg6+ Qxe5
35. dxe5 Re8 36. Rxc6 Rxe5 37. Kf2 Ng5 38. Rc5 Ne4+ 39. Nxe4 Rxe4 40. b3 Rb4 41.
Rxa5 Rxb3 42. Rxd5 Ra3 43. Rd4 g3+ 44. Kf3 Kg7 45. Re4 Kf6 46. Kxg3 Kf5 47. Kf3
Ra1 48. g4+ Kg5 49. Re5+ Kf6 50. Rf5+ Kg6 51. a5 Ra4 52. e4 Ra1 53. Kf4 Ra4 54.
g5 Kh5 55. Rf6 Rxe4+ 56. Kxe4 1-0

[Event "Titled Tue 1st Jul Early"]
[Site "chess.com INT"]
[Date "2025.07.01"]
[Round "9"]
[White "Asensio Ramos, Enrique Fernando"]
[Black "Caku, Kler"]
[Result "0-1"]
[WhiteTitle "CM"]
[BlackTitle "WFM"]
[WhiteElo "2200"]
[BlackElo "2010"]
[WhiteFideId "2214172"]
[BlackFideId "4704703"]
[EventDate "2025.07.01"]

1. d4 d5 2. Nc3 e6 3. Bf4 a6 4. e3 c5 5. a3 Bd6 6. dxc5 Bxf4 7. exf4 Qc7 8. Qd4
Nf6 9. b4 Nc6 10. Qd2 O-O 11. Nf3 e5 12. fxe5 Nxe5 13. Be2 Nxf3+ 14. Bxf3 Re8+
15. Ne2 Qe5 16. O-O Bf5 17. Nd4 Rad8 18. Rfe1 Be4 19. c3 h6 20. h3 Nh7 21. c6 b6
22. Bxe4 dxe4 23. Qe3 Nf6 24. f4 Qd6 25. Rf1 Nd5 26. Qe1 Nxf4 27. Kh1 e3 28. Rc1
Nd3 29. Qe2 Nxc1 30. Rxc1 b5 31. Ra1 Qd5 32. a4 Qc4 33. Qxc4 bxc4 34. Re1 Rd5
35. Kh2 f5 36. Kg3 g5 37. Kf3 f4 38. g3 Rf8 39. gxf4 gxf4 40. b5 axb5 41. axb5
Rg5 42. Ne2 Rxb5 43. Rg1+ Kh7 44. Nd4 Rc5 45. Rf1 Rf7 46. Rb1 Re5 47. h4 e2 48.
Re1 Re3+ 49. Kf2 Rfe7 50. c7 Rxc7 51. Nxe2 Rce7 52. h5 f3 53. Rb1 Rxe2+ 54. Kxf3
R2e3+ 55. Kf4 Rxc3 56. Rb6 Rh3 57. Kg4 Rhe3 58. Kf4 R3e6 59. Rb4 c3 60. Rc4 Re4+
61. Rxe4 Rxe4+ 62. Kxe4 c2 63. Kf4 c1=Q+ 64. Kg4 Qg5+ 0-1

[Event "Titled Tue 1st Jul Early"]
[Site "chess.com INT"]
[Date "2025.07.01"]
[Round "9"]
[White "Nikulina, Alena"]
[Black "Carrasco Miranda, Andres"]
[Result "1-0"]
[WhiteTitle "WFM"]
[BlackTitle "CM"]
[WhiteElo "1875"]
[BlackElo "2226"]
[WhiteFideId "4172051"]
[BlackFideId "3405990"]
[EventDate "2025.07.01"]

1. e4 e5 2. Nf3 Nc6 3. Bb5 Nf6 4. O-O Nxe4 5. Re1 Nd6 6. a4 Be7 7. Nc3 a6 8. Bf1
e4 9. Nxe4 Nxe4 10. Rxe4 O-O 11. d4 d5 12. Re1 Bg4 13. c3 Bf6 14. h3 Bh5 15. g4
Bg6 16. Ne5 Nxe5 17. dxe5 Bh4 18. Bg2 c6 19. Rf1 Qd7 20. f4 f5 21. Be3 Bf7 22.
Qf3 Be6 23. g5 h6 24. Qh5 hxg5 25. fxg5 Bg3 26. g6 Rfc8 27. Qh7+ Kf8 28. Qh8+
Bg8 29. Rxf5+ Qxf5 30. Rf1 Qxf1+ 31. Bxf1 c5 32. e6 Be5 33. Bg5 Re8 34. e7+ Rxe7
35. Bxe7+ Kxe7 36. Qh4+ Bf6 37. Qg3 Kd7 38. h4 Be6 39. h5 Rh8 40. Bh3 Rxh5 41.
Bxe6+ Kxe6 42. Qe3+ Re5 43. Qh3+ Kd6 44. Qc8 Rg5+ 45. Kf2 Rxg6 46. Qxb7 Ke5 47.
Qc7+ Ke4 48. Qxc5 Rg5 49. Qe3+ Kf5 50. Qf3+ Kg6 51. Qd3+ Kf7 52. Qxa6 Rg6 53.
Qb7+ Ke6 54. Qc6+ Ke5 55. Qe8+ Kf5 56. Kf3 Rh6 57. Qd7+ Ke5 58. Qc7+ Ke6 59.
Qc6+ Ke5 60. a5 Rh3+ 61. Kg2 Rd3 62. a6 Rd2+ 63. Kf3 Rxb2 64. a7 Ra2 65. a8=Q
Rxa8 66. Qxa8 1-0

[Event "Titled Tue 1st Jul Early"]
[Site "chess.com INT"]
[Date "2025.07.01"]
[Round "9"]
[White "Boramanikar, Tanisha S"]
[Black "Vihaan Dumir"]
[Result "1-0"]
[WhiteTitle "WCM"]
[BlackTitle "CM"]
[WhiteElo "1743"]
[BlackElo "2143"]
[WhiteFideId "35023454"]
[BlackFideId "25901010"]
[EventDate "2025.07.01"]

1. e4 c6 2. d4 d5 3. e5 c5 4. dxc5 Nc6 5. Nf3 e6 6. Bb5 Bxc5 7. O-O Ne7 8. c3 a6
9. Bxc6+ Nxc6 10. b4 Bb6 11. a4 O-O 12. Bf4 d4 13. Qb3 dxc3 14. Nxc3 Qe7 15. b5
axb5 16. axb5 Rxa1 17. Rxa1 Nd4 18. Nxd4 Bxd4 19. Qc4 Rd8 20. Ra8 Qd7 21. Ne4 b6
22. Nd6 Bc5 23. Rxc8 Rxc8 24. Nxc8 Qxc8 25. Be3 Kf8 26. Kf1 Ke8 27. Bxc5 bxc5
28. b6 Qc6 29. Qa6 Qd5 30. Qc8+ Ke7 31. Qc7+ Ke8 32. Qc8+ Ke7 33. Qc7+ Ke8 34.
Qb8+ Qd8 35. Qd6 Qc8 36. Ke2 Qa6+ 37. Ke3 Qa3+ 38. Kd2 Qb2+ 39. Kd1 Qb3+ 40. Kc1
Qc3+ 41. Kb1 Qb4+ 42. Kc2 Qc4+ 43. Kd2 Qb4+ 44. Kd3 c4+ 45. Kc2 Qb3+ 46. Kc1
Qc3+ 47. Kb1 Qb3+ 48. Kc1 Qc3+ 49. Kb1 Qe1+ 50. Kc2 Qxf2+ 51. Kc3 Qe3+ 52. Kxc4
Qe4+ 53. Kc5 Qc2+ 54. Kb5 Qb3+ 55. Ka6 Qa4+ 56. Kb7 1-0

[Event "Titled Tue 1st Jul Early"]
[Site "chess.com INT"]
[Date "2025.07.01"]
[Round "9"]
[White "Indjic, Aleksandar"]
[Black "Germanovs, Georgijs"]
[Result "1-0"]
[WhiteTitle "GM"]
[BlackTitle "CM"]
[WhiteElo "2661"]
[BlackElo "2260"]
[WhiteFideId "911925"]
[BlackFideId "11609710"]
[EventDate "2025.07.01"]

1. d4 Nf6 2. Nf3 c5 3. d5 d6 4. Nc3 g6 5. e4 Bg7 6. Bc4 O-O 7. O-O Nfd7 8. a4
Ne5 9. Nxe5 dxe5 10. Be3 b6 11. a5 Bb7 12. axb6 axb6 13. Rxa8 Bxa8 14. Qe2 Nd7
15. Ra1 Bb7 16. Ba6 Qc7 17. Bxb7 Qxb7 18. Qa6 Qc7 19. Nb5 Qd8 20. Qb7 f5 21. Ra7
Nf6 22. Qxe7 Qxe7 23. Rxe7 f4 24. Bd2 Nxe4 25. Bc3 Ra8 26. Kf1 Bf6 27. Re6 Nxc3
28. Nxc3 Kf7 29. Ne4 Be7 30. Rxb6 Ra4 31. f3 Rd4 32. d6 Bf8 33. Ke2 c4 34. c3
Rd5 35. Rb4 Bxd6 36. Rxc4 Be7 37. b4 Rd7 38. Rc6 Ra7 39. Kd3 Ra2 40. Nd2 e4+ 41.
Nxe4 Rxg2 42. b5 g5 43. b6 h5 44. b7 Rb2 45. Rc7 g4 46. fxg4 hxg4 47. c4 f3 48.
Kc3 Rb1 49. c5 Ke6 50. c6 Bd6 51. Rc8 Be5+ 52. Kd3 Kd5 53. Kc2 Rb4 54. Nc3+ Ke6
55. Re8+ Kf6 56. Nd5+ Kf7 57. Re7+ Kg6 58. Re6+ Kg7 59. Rxe5 Rc4+ 60. Kd3 f2 61.
Rf5 Rxc6 62. b8=Q 1-0

[Event "Titled Tue 1st Jul Early"]
[Site "chess.com INT"]
[Date "2025.07.01"]
[Round "9"]
[White "Teterev, Vitaly"]
[Black "Deac, Bogdan-Daniel"]
[Result "1/2-1/2"]
[WhiteTitle "GM"]
[BlackTitle "GM"]
[WhiteElo "2248"]
[BlackElo "2674"]
[WhiteFideId "13501429"]
[BlackFideId "1226380"]
[EventDate "2025.07.01"]

1. e4 c5 2. Nf3 e6 3. g3 Nc6 4. Bg2 Nf6 5. d3 d5 6. Qe2 Be7 7. e5 Nd7 8. c4 dxc4
9. dxc4 Qc7 10. Bf4 Nf8 11. Nc3 Ng6 12. Nb5 Qb6 13. O-O-O O-O 14. h4 Nxf4 15.
gxf4 a6 16. Nd6 Qc7 17. Qe4 Nd4 18. Nxd4 cxd4 19. Qxd4 Rb8 20. Kb1 b6 21. Rd3
Bd7 22. h5 Bc6 23. Rg1 Bxg2 24. Rxg2 Qc5 25. Qe4 Bxd6 26. Rxd6 Rfd8 27. h6 g6
28. Qd3 Rxd6 29. exd6 f6 30. d7 Rd8 31. Rg1 Kf7 32. Rd1 Ke7 33. Qe4 Qf5 34. Qxf5
gxf5 35. Kc2 Rxd7 36. Rxd7+ Kxd7 37. b4 e5 38. Kc3 Kc6 39. a3 a5 40. Kd3 axb4
41. axb4 Kc7 42. Kc3 Kb7 43. Kb3 Kc7 44. Ka3 Kb7 45. Ka4 Kc6 46. Kb3 Kc7 47. c5
b5 48. Kc3 Kd7 49. Kd3 Kc7 50. Ke3 Kd7 51. Kf3 Ke7 52. Kg3 Ke6 53. Kh4 e4 54.
Kg3 Kd5 55. Kg2 Kc6 56. Kf1 Kc7 57. Ke2 Kd7 58. Kd2 Kc7 59. Ke3 Kd7 60. f3 exf3
61. Kxf3 Kc7 62. Ke3 Kd7 63. Kd2 Kc7 64. Kd3 Kd7 65. Kd4 Kc6 66. Kc3 Kc7 67. Kd3
Kd7 68. Ke3 Kc7 69. Kd3 1/2-1/2

[Event "Titled Tue 1st Jul Early"]
[Site "chess.com INT"]
[Date "2025.07.01"]
[Round "9"]
[White "Mafra, Kaiser Luiz"]
[Black "Emeliantsev, Anatoliy"]
[Result "1-0"]
[WhiteTitle "CM"]
[BlackTitle "FM"]
[WhiteElo "2043"]
[BlackElo "2359"]
[WhiteFideId "2106698"]
[BlackFideId "4160681"]
[EventDate "2025.07.01"]

1. e4 c5 2. d4 cxd4 3. c3 Nf6 4. e5 Nd5 5. Qxd4 e6 6. Bc4 Nc6 7. Qe4 f5 8. Qe2
Nb6 9. Bb3 a5 10. Nf3 a4 11. Bc2 Be7 12. Be3 Nd5 13. Nbd2 O-O 14. O-O a3 15. Nc4
axb2 16. Nxb2 Nxc3 17. Qd3 Nd5 18. Bb3 Ndb4 19. Qe2 b6 20. Rfd1 Ba6 21. Qd2 Ra7
22. Qc1 Qc7 23. Nc4 Bxc4 24. Bxc4 f4 25. Bxf4 Na5 26. Bf1 Nc2 27. Rb1 Na3 28.
Qxc7 Rxc7 29. Rb4 Bxb4 30. Be3 Bc5 31. Bc1 N3c4 32. Bd3 b5 33. Bb1 h6 34. h3 Ba3
35. Bxa3 Nxa3 36. Kh2 N3c4 37. Bd3 Rf7 38. Nd4 Rc5 39. Bg6 Re7 40. Nf3 Nxe5 41.
Nh4 Nxg6 42. Nxg6 Rf7 43. f3 Rc2 44. a3 d5 45. Kg3 Nc4 46. Nf4 Ra7 47. Nxe6 Rxa3
48. Rxd5 Ne3 49. Rd7 Rxg2+ 50. Kf4 Re2 51. Rxg7+ Kh8 52. Rb7 Ra4+ 53. Kg3 Nd5
54. Nc5 Rc4 55. Rb8+ Kg7 56. Rb7+ Kf6 57. Ne4+ Ke5 58. Re7+ Kd4 59. Rh7 Re3 60.
Rxh6 1-0

[Event "Titled Tue 1st Jul Early"]
[Site "chess.com INT"]
[Date "2025.07.01"]
[Round "9"]
[White "Sovetbekova, Nurai"]
[Black "Light, Bjarne"]
[Result "1-0"]
[WhiteTitle "WFM"]
[BlackTitle "CM"]
[WhiteElo "2007"]
[BlackElo "2227"]
[WhiteFideId "13801910"]
[BlackFideId "1401360"]
[EventDate "2025.07.01"]

1. d4 Nf6 2. c4 e6 3. Nc3 Bb4 4. Bd2 c5 5. e3 b6 6. Nf3 Bb7 7. a3 Bxc3 8. Bxc3
O-O 9. b3 Ne4 10. Bb2 d6 11. Bd3 Nd7 12. O-O Qe7 13. Nd2 f5 14. f3 Qg5 15. Qe2
Nxd2 16. Qxd2 cxd4 17. Bxd4 Nc5 18. Bc2 Rad8 19. Bb2 d5 20. cxd5 Bxd5 21. Qc3
Rc8 22. Qd2 Rfd8 23. Qe2 Bxb3 24. Bxb3 Nxb3 25. Rfd1 Nc5 26. e4 fxe4 27. fxe4
Qf4 28. e5 h6 29. Rac1 Ne4 30. Rxc8 Rxc8 31. Rf1 Qd2 32. Qxe4 Qxb2 33. Qb7 Qd4+
34. Kh1 Rf8 35. Rxf8+ Kxf8 36. Qf3+ Kg8 37. h3 Qxe5 38. Qa8+ Kh7 39. Qxa7 b5 40.
Qb7 Qd5 41. Qc8 Qd1+ 42. Kh2 Qd6+ 43. Kh1 Qxa3 44. Qxe6 Qc1+ 45. Kh2 Qf4+ 46.
Kh1 Qg5 47. Qe4+ Kg8 48. Qe8+ Kh7 49. Qe4+ Qg6 50. Qb4 Qc6 51. Qb1+ Kg8 52. Qb4
Kf7 53. Qf4+ Qf6 54. Qc7+ Kg6 55. Qc2+ Qf5 56. Qc6+ Kf7 57. Qb7+ Kf6 58. Qc6+
Kg5 59. Qc1+ Kh4 60. Qc6 Qf1+ 61. Kh2 Qc4 62. Qd6 Kg5 63. Qg3+ 1-0

[Event "Titled Tue 1st Jul Early"]
[Site "chess.com INT"]
[Date "2025.07.01"]
[Round "9"]
[White "Dogan, Umut Anil"]
[Black "Mourao, Igor A.C.Lofredo"]
[Result "1-0"]
[WhiteTitle "CM"]
[WhiteElo "2059"]
[BlackElo "2177"]
[WhiteFideId "51618060"]
[BlackFideId "2102544"]
[EventDate "2025.07.01"]

1. d4 d5 2. c4 dxc4 3. e3 Nf6 4. Bxc4 e6 5. Nf3 c5 6. O-O a6 7. Nbd2 b5 8. Be2
Bb7 9. a4 b4 10. dxc5 Bxc5 11. Nb3 Qxd1 12. Rxd1 Be7 13. Na5 Bd5 14. Ne5 Nbd7
15. Nec6 Nc5 16. Nxb4 Bb3 17. Rd4 Bxa4 18. Nd3 Bb5 19. b4 Nxd3 20. Bxd3 Bxd3 21.
Rxd3 Nd5 22. Bd2 O-O 23. Nc6 Bf6 24. Rc1 Rfc8 25. e4 Ne7 26. Nxe7+ Bxe7 27.
Rxc8+ Rxc8 28. g3 Kf8 29. Ra3 Rd8 30. Ra2 Rd6 31. Be3 f5 32. exf5 exf5 33. Kf1
g6 34. Ke2 Kf7 35. Bc5 Re6+ 36. Kd3 Bxc5 37. bxc5 Rc6 38. Kc4 Ke6 39. Re2+ Kd7
40. Kd5 Kc7 41. Rb2 Rf6 42. Ke5 Rc6 43. Kd5 Rf6 44. Re2 Rf7 45. Re6 Rd7+ 46. Kc4
Rd2 47. Rxa6 Rxf2 48. Ra7+ Kc8 49. Rxh7 Rg2 50. Kd5 g5 51. Kc6 Kd8 52. Rh8+ Ke7
53. Rh5 Kf6 54. Kc7 Rc2 55. c6 f4 56. gxf4 gxf4 57. Rh8 Kg5 58. h4+ Kg4 59. h5
f3 60. h6 Kg5 61. h7 Kg6 62. Rf8 Kxh7 63. Rxf3 Kg6 64. Kd7 Rd2+ 65. Kc8 Rc2 66.
c7 Rc3 67. Rxc3 1-0

[Event "Titled Tue 1st Jul Early"]
[Site "chess.com INT"]
[Date "2025.07.01"]
[Round "9"]
[White "Nugumanov, Bakhtiyar"]
[Black "Craciun, Sasha-Matei"]
[Result "1/2-1/2"]
[WhiteTitle "IM"]
[BlackTitle "FM"]
[WhiteElo "2305"]
[BlackElo "2320"]
[WhiteFideId "13701797"]
[BlackFideId "1281186"]
[EventDate "2025.07.01"]

1. e4 c5 2. Nf3 Nc6 3. d4 cxd4 4. Nxd4 Nf6 5. Nc3 e5 6. Ndb5 d6 7. Nd5 Nxd5 8.
exd5 Ne7 9. c3 a6 10. Qa4 Kd7 11. Be3 Nf5 12. Nd4+ Ke7 13. Nxf5+ Bxf5 14. Be2 g6
15. O-O Bg7 16. Qb4 Qd7 17. c4 Rhc8 18. c5 Kf8 19. cxd6 Kg8 20. Rac1 Bf8 21. Bc5
h5 22. Qb6 Kg7 23. Ba3 Bc2 24. f4 exf4 25. Rxf4 Kg8 26. Kh1 Bh6 27. Rff1 Bxc1
28. Rxc1 Be4 29. Rf1 Bxd5 30. h3 Qc6 31. Qxc6 Bxc6 32. Bf3 Re8 33. Bxc6 bxc6 34.
Bc5 Rab8 35. b4 Red8 36. Re1 Rd7 37. a3 Rbb7 38. g4 hxg4 39. hxg4 f6 40. Kg2 Kf7
41. Kf3 f5 42. gxf5 gxf5 43. Kf4 a5 44. Kxf5 axb4 45. axb4 Rb8 46. Rh1 Rg8 47.
Rh7+ Ke8 48. Rh6 Rf8+ 49. Ke5 Rg8 50. Re6+ Kd8 51. Bb6+ Kc8 52. Re7 Rg5+ 53. Kf6
Rd5 54. Bc5 R5xd6+ 55. Bxd6 Rxd6+ 56. Ke5 Rd5+ 57. Ke4 Rb5 58. Kd4 Rxb4+ 59. Kc5
Rb1 60. Kxc6 Rc1+ 61. Kd5 Rd1+ 62. Kc4 Rc1+ 63. Kb3 Rd1 64. Rh7 Rd7 65. Rh8+ Kc7
66. Rh4 Rd6 67. Rc4+ Rc6 68. Rb4 Rb6 69. Kc4 Rxb4+ 70. Kxb4 1/2-1/2

[Event "Titled Tue 1st Jul Early"]
[Site "chess.com INT"]
[Date "2025.07.01"]
[Round "9"]
[White "Belov, Alexei"]
[Black "Rohit, S"]
[Result "1-0"]
[WhiteTitle "IM"]
[BlackTitle "FM"]
[WhiteElo "2421"]
[BlackElo "2215"]
[WhiteFideId "4128206"]
[BlackFideId "46633847"]
[EventDate "2025.07.01"]

1. e4 c5 2. Nf3 d6 3. d4 cxd4 4. Nxd4 Nf6 5. Nc3 a6 6. Be2 e5 7. Nb3 Be7 8. O-O
O-O 9. Kh1 b5 10. a4 b4 11. Nd5 Nxd5 12. Qxd5 Ra7 13. Be3 Be6 14. Qd2 Rb7 15. a5
Nd7 16. Bxa6 Rb8 17. Be2 Ra8 18. a6 Nb8 19. Qxb4 Bc8 20. Bb6 Qd7 21. Bb5 Qg4 22.
a7 Be6 23. f3 Qh4 24. axb8=Q Raxb8 25. Bf2 Qh5 26. Qa4 g5 27. Bc4 g4 28. Bxe6
fxe6 29. Qd7 Rf7 30. Qxe6 gxf3 31. Bg3 fxg2+ 32. Kxg2 Qe2+ 33. Rf2 Qxe4+ 34. Kg1
Rf8 35. Raf1 Qe3 36. Nd2 Kh8 37. Nc4 Qc5 38. b4 Qa7 39. b5 Qc5 40. b6 Bg5 41.
Nxe5 dxe5 42. Bxe5+ Bf6 43. Kh1 Bxe5 44. Rxf7 Rg8 45. Rf8 Rxf8 46. Rxf8+ Qxf8
47. Qxe5+ Kg8 48. Qd5+ Kh8 49. Qd4+ Kg8 50. Qc4+ Kh8 51. Qc3+ Kg8 52. Qb3+ Kh8
53. Kg2 Qg7+ 54. Kf2 Qf6+ 55. Ke2 Qe5+ 56. Kd2 Qd4+ 57. Kc1 Qa1+ 58. Kd2 Qd4+
59. Kc1 Qg1+ 60. Kb2 Qd4+ 61. Qc3 Kg7 62. Qxd4+ Kh6 63. b7 Kh5 64. b8=Q h6 65.
Qbe5+ Kg6 66. Qg4+ Kf7 67. Qeg7+ Ke8 68. Q4d7# 1-0

[Event "Titled Tue 1st Jul Early"]
[Site "chess.com INT"]
[Date "2025.07.01"]
[Round "9"]
[White "Bulatova, Kamaliya"]
[Black "Sarveshwaran V"]
[Result "1/2-1/2"]
[WhiteTitle "WFM"]
[BlackTitle "CM"]
[WhiteElo "2091"]
[BlackElo "2290"]
[WhiteFideId "34111546"]
[BlackFideId "25699016"]
[EventDate "2025.07.01"]

1. d4 Nf6 2. Bf4 d5 3. e3 c5 4. c3 Nc6 5. Nd2 Bf5 6. Ngf3 e6 7. Bb5 Bd6 8. Ne5
Rc8 9. Qa4 Bxe5 10. Bxe5 O-O 11. Bg3 a6 12. Be2 cxd4 13. exd4 Ne4 14. Nxe4 Bxe4
15. O-O Bg6 16. h3 f5 17. f4 Ne7 18. Bh4 Rf6 19. Bxf6 gxf6 20. Rae1 Rc6 21. Bf3
Nc8 22. Qb3 Qd7 23. Re2 Bf7 24. Rfe1 Kg7 25. g4 fxg4 26. Bxg4 f5 27. Bf3 Nd6 28.
Rg2+ Kh8 29. Kh1 Ne4 30. Bxe4 fxe4 31. Qd1 Rc8 32. Qg4 Rg8 33. Qh4 Rxg2 34. Kxg2
Bg6 35. Qf6+ Kg8 36. Kf2 Qb5 37. Qxe6+ Kf8 38. Qc8+ Ke7 39. Qc5+ Ke6 40. Qxb5
axb5 41. Kg3 Kf5 42. b3 Bf7 43. a4 bxa4 44. bxa4 Be8 45. a5 Bb5 46. Rb1 Ba6 47.
Rb6 e3 48. Kf3 e2 49. Kf2 Kxf4 50. Rh6 Ke4 51. Rxh7 Kd3 52. Ke1 Kxc3 53. Re7
Kxd4 54. h4 Kc5 55. h5 Kd6 56. h6 Kxe7 57. h7 d4 58. h8=Q d3 59. Qd4 Ke6 60. Kd2
Kf5 61. Qe3 Kf6 62. Qf3+ Ke6 63. Qe4+ Kd6 64. Qd4+ Ke6 65. Qe4+ Kd6 66. Qd4+ Ke6
67. Qe4+ 1/2-1/2

[Event "Titled Tue 1st Jul Early"]
[Site "chess.com INT"]
[Date "2025.07.01"]
[Round "9"]
[White "Srihari, L R"]
[Black "Jinan, Jomon"]
[Result "0-1"]
[WhiteTitle "IM"]
[BlackTitle "FM"]
[WhiteElo "2482"]
[BlackElo "2309"]
[WhiteFideId "46617116"]
[BlackFideId "35002511"]
[EventDate "2025.07.01"]

1. e4 e5 2. Nf3 Nc6 3. Bc4 Bc5 4. O-O Nf6 5. d3 d6 6. Nc3 h6 7. Na4 a6 8. Nxc5
dxc5 9. a4 O-O 10. h3 Qd6 11. Be3 b6 12. Nd2 Be6 13. f4 Nd7 14. f5 Bxc4 15. Nxc4
Qf6 16. Bf2 b5 17. Ne3 Qd6 18. Nd5 Nb6 19. f6 Nxd5 20. exd5 Qxd5 21. Qg4 g6 22.
Qh4 Qd6 23. Qxh6 Qxf6 24. Bxc5 Qe6 25. Bxf8 Rxf8 26. axb5 axb5 27. Ra6 Rd8 28.
Qe3 Kg7 29. Qc5 Rd6 30. Qxb5 Nd4 31. Rxd6 Qxd6 32. Qc4 f5 33. c3 Ne2+ 34. Kf2
Nf4 35. Rd1 Qb6+ 36. Kf1 Qxb2 37. Qxc7+ Kh6 38. Qxe5 Qxg2+ 39. Ke1 Qg3+ 40. Kd2
Qxd3+ 41. Kc1 Ne2+ 42. Kb2 Qxd1 43. Qh8+ Kg5 44. h4+ Kg4 45. Qe5 Qd2+ 46. Kb3
Nc1+ 47. Kc4 Qa2+ 48. Kb5 Qb3+ 49. Kc6 Qc4+ 50. Kd7 Nd3 51. Qe2+ Kf4 52. Qg2
Ne5+ 53. Ke7 Qxc3 54. Qh2+ Qg3 55. Qd2+ Qe3 56. Qh2+ Kg4 57. Kf6 Nf3 58. Qg2+
Kf4 0-1

[Event "Titled Tue 1st Jul Early"]
[Site "chess.com INT"]
[Date "2025.07.01"]
[Round "9"]
[White "Sarasketa Irastortza, Oier"]
[Black "Lisenkov, Svyatoslav"]
[Result "1/2-1/2"]
[WhiteTitle "CM"]
[BlackTitle "CM"]
[WhiteElo "2140"]
[BlackElo "2283"]
[WhiteFideId "54728207"]
[BlackFideId "34264183"]
[EventDate "2025.07.01"]

1. d4 Nf6 2. c4 g6 3. g3 Bg7 4. Bg2 O-O 5. Nc3 d6 6. Nf3 Nc6 7. d5 Na5 8. b3 c5
9. Bb2 a6 10. O-O Rb8 11. Nd2 b5 12. Qc1 bxc4 13. bxc4 Nd7 14. Rb1 Ne5 15. Nd1
Bf5 16. e4 Bd7 17. Qc2 Qe8 18. Bc3 Rxb1 19. Qxb1 Naxc4 20. Nxc4 Nxc4 21. Bxg7
Kxg7 22. Qc2 Ne5 23. f4 Ng4 24. h3 Nh6 25. g4 f6 26. Ne3 Nf7 27. Rb1 Qa8 28. Qb3
Bb5 29. a4 Bd7 30. Bf1 Rc8 31. a5 g5 32. Nc4 Rd8 33. Nb6 Qa7 34. f5 Ne5 35. Nc4
Nxc4 36. Bxc4 Qc7 37. Qb6 Qxb6 38. Rxb6 Ra8 39. Bxa6 Bc8 40. Bxc8 Rxc8 41. Rb7
Kf7 42. a6 Ra8 43. a7 c4 44. Kf2 c3 45. Ke3 Rc8 46. Kd3 c2 47. a8=Q Rxa8 48.
Kxc2 Ra3 49. Rb3 Ra2+ 50. Rb2 Ra3 51. Rb3 Ra4 52. Kd3 Ra2 53. Kd4 Rh2 54. Kc4 h5
55. gxh5 Kg7 56. Re3 Kh6 57. Kb5 Kxh5 58. Kc6 Ra2 59. Kd7 Ra7+ 60. Ke6 Kh4 61.
Rf3 g4 62. hxg4 Kxg4 63. Rf1 Kg3 64. Rd1 Kf3 65. Rh1 Kxe4 66. Rh7 Rb7 67. Rh4+
Ke3 68. Rh7 Ke4 69. Rh4+ Ke3 70. Rh7 Kd4 71. Rh4+ Kc5 72. Rh8 Kd4 73. Rh4+ Ke3 1/2-1/2

[Event "Titled Tue 1st Jul Early"]
[Site "chess.com INT"]
[Date "2025.07.01"]
[Round "9"]
[White "Kopczynski, Michal"]
[Black "Jiganchine, Roman"]
[Result "0-1"]
[WhiteTitle "CM"]
[BlackTitle "CM"]
[WhiteElo "2225"]
[BlackElo "2205"]
[WhiteFideId "1124200"]
[BlackFideId "2603667"]
[EventDate "2025.07.01"]

1. e4 e5 2. d4 exd4 3. c3 d5 4. exd5 Qxd5 5. cxd4 Bb4+ 6. Nc3 Nc6 7. Nf3 Bg4 8.
Be2 Bxf3 9. Bxf3 Qc4 10. Qe2+ Qxe2+ 11. Bxe2 Nxd4 12. Bd3 O-O-O 13. Be3 Nf3+ 14.
Ke2 Nd4+ 15. Kf1 Nf6 16. Rd1 Kb8 17. f3 Rhe8 18. Kf2 a6 19. h4 Ne6 20. g4 Bc5
21. Rhe1 Bxe3+ 22. Rxe3 Nc5 23. g5 Nxd3+ 24. Rexd3 Rxd3 25. Rxd3 Nh5 26. Rd7 Rf8
27. Nd5 f6 28. Nxc7 fxg5 29. hxg5 Kc8 30. Re7 Kd8 31. Nd5 Rf5 32. Ne3 Rxf3+ 33.
Kxf3 Kxe7 34. Nf5+ Ke6 35. Kg4 g6 36. Nd4+ Kd5 37. Ne2 Ng7 38. Kf3 Nf5 39. Nf4+
Ke5 40. Nd3+ Kd4 41. Nf4 Ke5 42. Nd3+ Kd5 43. Nf4+ Kd6 44. Ke4 Ng7 45. Kf3 Ne6
46. Nd3 Nxg5+ 47. Kg4 Ne6 48. a3 Kd5 49. Nf2 b5 50. Kf3 Nd4+ 51. Ke3 Ne6 52. Ne4
Ke5 53. Nd2 h5 54. Nf3+ Kf5 55. Nh4+ Kg5 56. Nf3+ Kg4 57. Ne5+ Kf5 58. Nf7 g5
59. Nd6+ Ke5 60. Nf7+ Kd5 61. Nh6 a5 62. Nf5 a4 63. Ne7+ Ke5 64. Nc6+ Kf5 65.
Na7 Nc7 66. Nc6 h4 67. Kf3 g4+ 68. Kg2 Ke4 69. Kh2 Kd5 70. Ne7+ Kc4 71. Ng6 h3
72. Ne5+ Kb3 73. Nxg4 Kxb2 74. Ne5 b4 75. Kxh3 bxa3 76. Nc6 a2 0-1

[Event "Titled Tue 1st Jul Early"]
[Site "chess.com INT"]
[Date "2025.07.01"]
[Round "9"]
[White "Weerasekara, Dishal Nimsara"]
[Black "Milare, Tyron"]
[Result "1-0"]
[WhiteTitle "FM"]
[BlackTitle "FM"]
[WhiteElo "2104"]
[BlackElo "2217"]
[WhiteFideId "9997431"]
[BlackFideId "12987018"]
[EventDate "2025.07.01"]

1. c4 Nf6 2. Nc3 c5 3. Nf3 d5 4. cxd5 Nxd5 5. d4 Nxc3 6. bxc3 g6 7. g3 Bg7 8.
Bg2 O-O 9. O-O Nc6 10. e3 Qa5 11. Bd2 Bf5 12. Re1 Be4 13. Nh4 Bxg2 14. Nxg2 c4
15. a4 Qc7 16. e4 Rfd8 17. Qe2 Na5 18. Ne3 Nb3 19. Rad1 Bxd4 20. cxd4 c3 21.
Bxc3 Qxc3 22. Nd5 Rxd5 23. exd5 Nxd4 24. Qe3 Qxe3 25. Rxe3 Nf5 26. Rc3 Rb8 27.
Rc7 a6 28. g4 Nh4 29. Rxe7 b5 30. axb5 axb5 31. d6 Nf3+ 32. Kg2 Ng5 33. h4 Ne6
34. Ra7 b4 35. Rda1 Kg7 36. Ra8 Rb6 37. d7 Rd6 38. Rb1 Rxd7 39. Rxb4 h5 40. g5
Re7 41. Rbb8 f5 42. Rg8+ Kf7 43. Rh8 Kg7 44. Rag8+ Kf7 45. Ra8 Nf4+ 46. Kf3 Ne6
47. Rhb8 Ng7 48. Rb3 Ne6 49. Rba3 Nd4+ 50. Kg2 Ne2 51. R8a7 Nf4+ 52. Kf3 Nd5 53.
Rxe7+ Kxe7 54. Ra1 Ke6 55. Re1+ Kd6 56. Rh1 Ke5 57. Kg3 f4+ 58. Kf3 Kf5 59. Rb1
Nc3 60. Rb3 Nd1 61. Ke2 Kg4 62. Kxd1 Kxh4 63. Rb5 Kg4 64. Ke2 h4 65. f3+ Kg3 66.
Rb6 h3 67. Rxg6 h2 68. Rh6 Kg2 69. g6 h1=Q 70. Rxh1 Kxh1 71. g7 1-0